Christian Rap Artists - Statistics

General Stats
  • This quiz has been taken 411 times
  • The average score is 6 of 20
Answer Stats
% Correct
Lecrae
87%
NF
70%
KB
68%
Andy Mineo
62%
Tedashii
50%
Trip Lee
50%
Derek Minor
37%
Flame
29%
Canon
25%
Thi'sl
22%
Bizzle
19%
Da' T.R.U.T.H
19%
Guvna B
19%
Sho Baraka
18%
Swoope
18%
KJ-52
15%
Sevin
12%
Tony Tillman
11%
Reconcile
7%
Soul Glow Activator
5%
No matching quizzes found
Score Distribution
Percent of People with Each Score
Percentile by Number Answered
Your Score History
You have not taken this quiz